| 000 | 00924cam a22002775a 4500 | ||
|---|---|---|---|
| 001 | 016795446 | ||
| 003 | OSt | ||
| 005 | 20160126160046.0 | ||
| 008 | 140710t2014 ii a frb 001 0 eng d | ||
| 020 | _a9789351522324 | ||
| 040 |
_aStDuBDS _beng _cStDuBDS _dUk _dEG-ScBUE _dEG-ScBUE |
||
| 082 | 0 | 4 |
_a617.645 _bTEX _222 |
| 245 | 0 | 0 |
_aTextbook of pediatric dentistry / _cedited by Nikhil Marwah ; foreword by Charles Lekic. |
| 250 | _a3rd ed. | ||
| 260 |
_aNew Delhi : _bJaypee Brothers Medical Publishers, _cc.2014. |
||
| 300 |
_axxxii, 1048 p. : _bill. (col.) ; _c28 cm. |
||
| 500 | _aIndex : p. 1021-1048. | ||
| 504 | _aIncludes bibliographical references. | ||
| 650 | 0 |
_aPedodontics. _2BUEsh |
|
| 650 | 0 |
_aChildren _xDental care. _2BUEsh |
|
| 651 | _2BUEsh | ||
| 653 |
_bDDent _cJune2015 _cJanuary2016 |
||
| 700 | 1 |
_aMarwah, Nikhil, _eeditor. |
|
| 700 | 1 |
_aLekic, Charles, _eauthor of introduction, etc. |
|
| 942 | _2ddc | ||
| 999 |
_c20073 _d20045 |
||